000
00322nam a2200145Ia 4500
008
240112s2019 xx 000 0 und d
022
_a
0023-852X
041
_a
eng
082
_a
617.51
100
_a
STWART M. G.
245
_a
THE LARYNGOSCOPE
260
_b
WILEY
_c
2019
300
_a
1487
_c
4-6,SUP
440
_v
129
999
_c
1146001
_d
1146001